<?xml version="1.0" encoding="UTF-8"?>
<collection xmlns="http://www.loc.gov/MARC21/slim">
 <record>
  <leader>01644nam a2200205Ia 4500</leader>
  <controlfield tag="001">CTU_230853</controlfield>
  <controlfield tag="008">210402s9999    xx            000 0 und d</controlfield>
  <datafield tag="020" ind1=" " ind2=" ">
   <subfield code="c">135000</subfield>
  </datafield>
  <datafield tag="082" ind1=" " ind2=" ">
   <subfield code="a">372.21</subfield>
  </datafield>
  <datafield tag="082" ind1=" " ind2=" ">
   <subfield code="b">Qu609</subfield>
  </datafield>
  <datafield tag="100" ind1=" " ind2=" ">
   <subfield code="a">Lôi, Đức Quỳnh</subfield>
  </datafield>
  <datafield tag="245" ind1=" " ind2="0">
   <subfield code="a">Học vẽ 2000 hình dễ dàng</subfield>
  </datafield>
  <datafield tag="245" ind1=" " ind2="0">
   <subfield code="c">Lôi Đức Quỳnh ; Phạm Văn Khiết (dịch)</subfield>
  </datafield>
  <datafield tag="260" ind1=" " ind2=" ">
   <subfield code="a">Hà Nội</subfield>
  </datafield>
  <datafield tag="260" ind1=" " ind2=" ">
   <subfield code="b">Thanh niên</subfield>
  </datafield>
  <datafield tag="260" ind1=" " ind2=" ">
   <subfield code="c">2018</subfield>
  </datafield>
  <datafield tag="520" ind1=" " ind2=" ">
   <subfield code="a">Sách bao gồm những kỹ năng cơ bản cần có của một họa sĩ truyện tranh, từ tạo hình nhân vật, thiết kế bối cảnh, biểu cảm, các kỹ thuật diễn họa cho đến luật phối cảnh. Đây là một cuốn cẩm nang tuyệt vời dành cho các bạn đang bắt đầu học vẽ truyện tranh. Những kiến thức này có thể không giúp các bạn vẽ đẹp ngay lập tức nhưng sẽ là nền tảng vững chắc giúp bạn hình thành các tiêu chuẩn chuyên nghiệp trong nghề và không mất thời gian tự mò mẫm. Phần minh họa cho các bài học cũng rất hấp dẫn và sáng tạo. Các tác giả đã sử dụng chính nhân vật và trang truyện của mình để làm rõ sự liên quan giữa lý thuyết và thực tế, tính ứng dụng rõ ràng của các kỹ thuật và quy trình sáng tác.</subfield>
  </datafield>
  <datafield tag="650" ind1=" " ind2=" ">
   <subfield code="a">Hội họa,Drawing</subfield>
  </datafield>
  <datafield tag="910" ind1=" " ind2=" ">
   <subfield code="b">vtbtruc</subfield>
  </datafield>
  <datafield tag="980" ind1=" " ind2=" ">
   <subfield code="a">Trung tâm Học liệu Trường Đại học Cần Thơ</subfield>
  </datafield>
 </record>
</collection>
